| 000 | 01061cad a22002055a 4500 | ||
|---|---|---|---|
| 001 | L154623 | ||
| 008 | 120106s20120106xxk f 000 0 eng d | ||
| 035 | _a(Sirsi) u154623 | ||
| 041 | 0 | _aeng | |
| 050 | 0 | 4 | _a333.33 $2 18 |
| 110 | 2 |
_aLloyds Banking Group _95822 |
|
| 245 | 0 | 0 |
_aHalifax house price index _bDecember 2011 _h[electronic resource] |
| 260 |
_aLondon _bLloyds Banking Group _c2012 |
||
| 520 | _aUK house prices decreased by 0.9% in December 2011, a 1.3% decrease since December 2010. Whilst there was a modest fall overall in prices during 2011, house prices held up well in the face of the difficult and deteriorating economic climate and substantial pressure on households' finances. The outlook for house prices in 2012 is uncertain. | ||
| 590 | _aKA | ||
| 651 | 4 |
_aUnited Kingdom _y |
|
| 690 | _aPROPERTY-RESIDENTIAL PROPERTY-RESIDENTIAL PROPERTY MARKET | ||
| 856 | 4 | 0 |
_uhttps://www.lloydsbankinggroup.com/media/pdfs/halifax/2012/060112HousePriceIndexDecember2011.pdf _zView this item free of charge at www.lloydsbankinggroup.com |
| 942 | _n0 | ||
| 999 |
_c113073 _d113073 |
||